=LDR 00000nam 2200000 4500 =001 NUTBA000000000005834 =005 20141111144145.0 =006 =007 =008 =020 ##$$a 979-2442-01-4 =035 ##$$a 0010-111400000000313 =040 ##$$a NBPDMAT =090 ##$$a 590 $b Hew h =245 ##$$a Hewan sebagai indikator alam/ $c Penyunting, Bachtiar DM... [et.al] =250 ##$$a Cet.2 =260 ##$$a Jakarta : $bCitra Unggul Laksana, $c 2010 =300 ##$$a 47 hlm. : $b ilus. ; $c 20 cm. =500 ##$$a Bibliografi : hlm. 47 =650 ##$$a Bintang dan Lingkungan Hidup =700 ##$$a Bachtiar DM =850 ##$$a NBPDMAT